| 000 -LEADER |
| fixed length control field |
01550nam a2200373 i 4500 |
| 003 - CONTROL NUMBER IDENTIFIER |
| control field |
OSt |
| 005 - DATE AND TIME OF LATEST TRANSACTION |
| control field |
20251028115141.0 |
| 008 - FIXED-LENGTH DATA ELEMENTS--GENERAL INFORMATION |
| fixed length control field |
140904s2013 meu jd 000 f eng d |
| 010 ## - LIBRARY OF CONGRESS CONTROL NUMBER |
| LC control number |
2013026607 |
| 020 ## - INTERNATIONAL STANDARD BOOK NUMBER |
| International Standard Book Number |
9780141339207 |
| 040 ## - CATALOGING SOURCE |
| Original cataloging agency |
DLC |
| Language of cataloging |
eng |
| Transcribing agency |
DLC |
| Modifying agency |
SKYRV |
| -- |
CoLwJCPL |
| -- |
CaOL |
| -- |
KH8 |
| Description conventions |
rda |
| 082 ## - DEWEY DECIMAL CLASSIFICATION NUMBER |
| Classification number |
FIC RIO |
| 100 1# - MAIN ENTRY--PERSONAL NAME |
| Personal name |
Riordan, Rick, |
| Relator term |
author. |
| 245 14 - TITLE STATEMENT |
| Title |
Heroes of Olympus : |
| Remainder of title |
The House of Hades / |
| Statement of responsibility, etc. |
Rick Riordan. |
| 260 ## - PUBLICATION, DISTRIBUTION, ETC. |
| Place of publication, distribution, etc. |
United Kingdom ; |
| Name of publisher, distributor, etc. |
Penguin Random House , |
| Date of publication, distribution, etc. |
2025. |
| 300 ## - PHYSICAL DESCRIPTION |
| Extent |
597 pages ; |
| Dimensions |
23 cm. |
| 336 ## - CONTENT TYPE |
| Content type term |
text |
| Source |
rdacontent. |
| 337 ## - MEDIA TYPE |
| Media type term |
unmediated |
| Source |
rdamedia. |
| 338 ## - CARRIER TYPE |
| Carrier type term |
volume |
| Source |
rdacarrier. |
| 340 ## - PHYSICAL MEDIUM |
| Font size |
Large print. |
| 490 1# - SERIES STATEMENT |
| Series statement |
Heroes of Olympus ; |
| Volume/sequential designation |
bk. 4. |
| 520 ## - SUMMARY, ETC. |
| Summary, etc. |
If the five demigods can fight their way through the Gaea's forces, and Percy and Annabeth can survive the House of Hades, then the Seven will be able to seal the Doors of Death and prevent the giants from raising Gaea. But, Leo wonders, if the Doors are sealed, how will Percy and Annabeth be able to escape? |
| 600 00 - SUBJECT ADDED ENTRY--PERSONAL NAME |
| Personal name |
Hera |
| Titles and other words associated with a name |
(Greek deity) |
| Form subdivision |
Juvenile fiction. |
| 600 10 - SUBJECT ADDED ENTRY--PERSONAL NAME |
| Personal name |
Jackson, Percy |
| Titles and other words associated with a name |
(Fictitious character) |
| Form subdivision |
Juvenile fiction. |
| 650 #0 - SUBJECT ADDED ENTRY--TOPICAL TERM |
| Topical term or geographic name entry element |
Gaia (Greek deity) |
| Form subdivision |
Juvenile fiction. |
| 650 #0 - SUBJECT ADDED ENTRY--TOPICAL TERM |
| Topical term or geographic name entry element |
Mythology, Roman |
| Form subdivision |
Juvenile fiction. |
| 650 #0 - SUBJECT ADDED ENTRY--TOPICAL TERM |
| Topical term or geographic name entry element |
Mythology, Greek |
| Form subdivision |
Juvenile fiction. |
| 650 #0 - SUBJECT ADDED ENTRY--TOPICAL TERM |
| Topical term or geographic name entry element |
Giants (Folklore) |
| Form subdivision |
Juvenile fiction. |
| 650 #0 - SUBJECT ADDED ENTRY--TOPICAL TERM |
| Topical term or geographic name entry element |
Monsters |
| Form subdivision |
Juvenile fiction. |
| 650 #0 - SUBJECT ADDED ENTRY--TOPICAL TERM |
| Topical term or geographic name entry element |
Camps |
| Form subdivision |
Juvenile fiction. |
| 650 #0 - SUBJECT ADDED ENTRY--TOPICAL TERM |
| Topical term or geographic name entry element |
Fantasy fiction. |
| Source of heading or term |
genre. |
| 830 #0 - SERIES ADDED ENTRY--UNIFORM TITLE |
| Uniform title |
Heroes of Olympus ; |
| Volume/sequential designation |
bk. 4 |
| 942 ## - ADDED ENTRY ELEMENTS (KOHA) |
| Source of classification or shelving scheme |
|
| Koha item type |
Books - Fiction |